[Event "Meltwater Tour Final 2022"]
[Site "chess24.com INT"]
[Date "2022.11.16"]
[Round "3.3"]
[White "Praggnanandhaa, R"]
[Black "Le, Quang Liem"]
[Result "1-0"]
[WhiteTitle "GM"]
[BlackTitle "GM"]
[WhiteElo "2678"]
[BlackElo "2728"]
[WhiteFideId "25059530"]
[BlackFideId "12401137"]
[EventDate "2022.11.14"]

1. d4 Nf6 2. c4 e6 3. Nc3 Bb4 4. e3 O-O 5. Nf3 b6 6. Bd3 c5 7. O-O Bb7 8. Na4
cxd4 9. exd4 Re8 10. a3 Bf8 11. b4 d6 12. Bb2 Nbd7 13. Re1 g6 14. Rc1 Rc8 15.
Nc3 a6 16. Nd2 e5 17. Nce4 Nh5 18. Bf1 f5 19. Ng3 Nf4 20. dxe5 dxe5 21. Qb3 Kh8
22. Nf3 Bg7 23. Rcd1 Qe7 24. Rd2 Rc7 25. Red1 e4 26. Bxg7+ Qxg7 27. Qe3 Ne6 28.
Nd4 Ndf8 29. Nxe6 Nxe6 30. Ne2 Rf7 31. Nf4 Nxf4 32. Qxf4 g5 33. Qe3 Qe5 34. Rd8
f4 35. Qxb6 Rxd8 36. Qxd8+ Kg7 37. Rd7 e3 38. Rxf7+ Kxf7 39. Qd7+ Qe7 40. Qxe7+
Kxe7 41. fxe3 fxe3 42. b5 Bc8 43. Bd3 Ke6 44. Bxh7 Kd6 45. Kf1 Kc5 46. Bd3 Kd4
47. Be2 a5 48. Ke1 Kc5 49. Bf1 Be6 50. h3 g4 51. hxg4 Bxg4 52. Be2 Be6 53. g4 1-0

[Event "Meltwater Tour Final 2022"]
[Site "chess24.com INT"]
[Date "2022.11.16"]
[Round "3.3"]
[White "Duda, Jan-Krzysztof"]
[Black "Giri, Anish"]
[Result "1-0"]
[WhiteTitle "GM"]
[BlackTitle "GM"]
[WhiteElo "2731"]
[BlackElo "2764"]
[WhiteFideId "1170546"]
[BlackFideId "24116068"]
[EventDate "2022.11.14"]

1. d4 Nf6 2. c4 e6 3. Nf3 d5 4. Nc3 Bb4 5. cxd5 exd5 6. Bg5 Nbd7 7. Rc1 h6 8.
Bh4 g5 9. Bg3 Ne4 10. Qb3 Bxc3+ 11. bxc3 Nb6 12. e3 h5 13. c4 h4 14. Be5 f6 15.
cxd5 fxe5 16. Bb5+ Kf8 17. Nxe5 Kg7 18. Bd3 Nd6 19. O-O g4 20. f4 Rf8 21. e4 g3
22. f5 Qg5 23. Rxc7+ Kg8 24. Bb1 Qd2 25. Qf3 Bxf5 26. exf5 Qxd4+ 27. Kh1 Rac8
28. Rg7+ Kxg7 29. f6+ Kh6 30. Ng4+ Kg5 31. Qf5+ Nxf5 32. Rxf5+ Kg6 33. Re5+ 1-0

[Event "Meltwater Tour Final 2022"]
[Site "chess24.com INT"]
[Date "2022.11.17"]
[Round "4.1"]
[White "Le, Quang Liem"]
[Black "Duda, Jan-Krzysztof"]
[Result "1/2-1/2"]
[WhiteTitle "GM"]
[BlackTitle "GM"]
[WhiteElo "2728"]
[BlackElo "2731"]
[WhiteFideId "12401137"]
[BlackFideId "1170546"]
[EventDate "2022.11.14"]

1. d4 Nf6 2. c4 e6 3. Nf3 d5 4. Nc3 Bb4 5. Qa4+ Nc6 6. e3 O-O 7. Qc2 dxc4 8.
Bxc4 Bd6 9. O-O e5 10. h3 a6 11. a3 Bd7 12. dxe5 Nxe5 13. Nxe5 Bxe5 14. Bd2 Qe7
15. f4 Bxc3 16. Bxc3 Bb5 17. Bxf6 Qxf6 18. Bxb5 axb5 19. e4 Qd4+ 20. Kh2 Qc4 21.
Rac1 Qxc2 22. Rxc2 c6 23. Rd2 Rfd8 24. Rfd1 Rxd2 25. Rxd2 Kf8 26. Rd4 f6 27. Kg3
Ke7 28. Kf3 b6 29. Ke3 c5 30. Rd3 Ra4 31. Rb3 b4 32. axb4 c4 33. Ra3 Rxb4 34.
Ra7+ Kd6 35. Rxg7 b5 36. Kd4 Rxb2 37. e5+ fxe5+ 38. fxe5+ Kc6 39. e6 Rd2+ 40.
Ke3 c3 41. Rg8 Kd6 42. Rd8+ Kxe6 43. Rxd2 cxd2 44. Kxd2 Kf5 45. Kc3 Kf4 46. Kb4
Kg3 47. Kxb5 Kxg2 48. h4 h5 49. Kc4 Kg3 50. Kd3 Kxh4 51. Ke2 Kg3 52. Kf1 Kh2 53.
Kf2 h4 54. Kf1 h3 55. Kf2 Kh1 56. Kg3 h2 57. Kf2 1/2-1/2

[Event "Meltwater Tour Final 2022"]
[Site "chess24.com INT"]
[Date "2022.11.17"]
[Round "4.1"]
[White "Praggnanandhaa, R"]
[Black "So, Wesley"]
[Result "1/2-1/2"]
[WhiteTitle "GM"]
[BlackTitle "GM"]
[WhiteElo "2678"]
[BlackElo "2760"]
[WhiteFideId "25059530"]
[BlackFideId "5202213"]
[EventDate "2022.11.14"]

1. d4 Nf6 2. c4 e6 3. Nc3 Bb4 4. e3 O-O 5. Bd2 d5 6. Nf3 b6 7. cxd5 exd5 8. Bd3
Re8 9. O-O Bd6 10. Nb5 Be7 11. Ne5 c5 12. f4 Bb7 13. Be1 Nc6 14. Bh4 Ne4 15.
Bxe4 dxe4 16. Qb3 Nxe5 17. fxe5 Bd5 18. Bxe7 Qd7 19. Qc3 Qxb5 20. Bd6 cxd4 21.
Qxd4 Rac8 22. a4 Qc4 23. Rfd1 Be6 24. a5 Qb3 25. Ra3 Qb5 26. axb6 axb6 27. Rc3
h5 28. h3 Ra8 29. Rc7 Ra4 30. Qc3 Rea8 31. Ba3 Rc4 32. Rxc4 Bxc4 33. Qb4 Qxb4
34. Bxb4 Bd3 35. Rc1 Re8 36. Bc3 Kh7 37. Bd4 b5 38. Rc7 Kg6 39. Rc6+ Kf5 40. Rc7
Kg6 41. Rc6+ Kf5 42. Rc7 Kg6 1/2-1/2

[Event "Meltwater Tour Final 2022"]
[Site "chess24.com INT"]
[Date "2022.11.17"]
[Round "4.1"]
[White "Mamedyarov, Shakhriyar"]
[Black "Erigaisi, Arjun"]
[Result "1/2-1/2"]
[WhiteTitle "GM"]
[BlackTitle "GM"]
[WhiteElo "2741"]
[BlackElo "2718"]
[WhiteFideId "13401319"]
[BlackFideId "35009192"]
[EventDate "2022.11.14"]

1. d4 Nf6 2. c4 e6 3. Nc3 Bb4 4. Qc2 d5 5. Nf3 O-O 6. Bg5 c5 7. dxc5 dxc4 8. e3
h6 9. Bh4 Nbd7 10. Bxc4 Qa5 11. O-O Bxc3 12. bxc3 Qxc5 13. Be2 b6 14. Rfd1 Bb7
15. c4 Rac8 16. Rac1 Rfd8 17. Nd4 Ne5 18. Qa4 a6 19. Nb3 Rxd1+ 20. Rxd1 Qc7 21.
f3 Nxc4 22. Bxc4 Qxc4 23. Qxc4 Rxc4 24. Rd8+ Kh7 25. Bxf6 gxf6 26. Rd7 Bc8 27.
Rxf7+ Kg6 28. Rf8 a5 29. h3 a4 30. Nd2 Rc1+ 31. Kh2 f5 32. f4 Bb7 33. Rb8 Bd5
34. Nf3 Bxf3 35. gxf3 Rb1 36. Kg3 b5 37. a3 Rb3 38. Rb7 Rxa3 39. Rxb5 Rxe3 40.
Ra5 a3 41. Ra7 Rb3 42. Re7 Kf6 43. Ra7 Rc3 44. Kf2 Rc2+ 45. Kg3 a2 46. h4 Kg6
47. Kh3 Kh5 48. Kg3 Re2 49. Ra6 Kg6 50. Ra7 Kf6 51. Kh3 h5 52. Kg3 Rb2 53. Kh3
Rc2 54. Kg3 Re2 55. Kh3 e5 56. Ra6+ Ke7 57. fxe5 f4 58. Ra7+ Ke6 59. Rxa2 Rxa2 1/2-1/2

[Event "Meltwater Tour Final 2022"]
[Site "chess24.com INT"]
[Date "2022.11.17"]
[Round "4.2"]
[White "Duda, Jan-Krzysztof"]
[Black "Le, Quang Liem"]
[Result "1/2-1/2"]
[WhiteTitle "GM"]
[BlackTitle "GM"]
[WhiteElo "2731"]
[BlackElo "2728"]
[WhiteFideId "1170546"]
[BlackFideId "12401137"]
[EventDate "2022.11.14"]

1. d4 Nf6 2. c4 e6 3. Nf3 d5 4. g3 dxc4 5. Bg2 Nbd7 6. O-O c6 7. a4 a5 8. Nc3
Bb4 9. Qc2 O-O 10. Na2 Bd6 11. Qxc4 e5 12. Qc2 Re8 13. Rd1 Qe7 14. e4 h6 15.
dxe5 Nxe5 16. Nxe5 Bxe5 17. Be3 Bc7 18. f3 Be6 19. Nc1 Rad8 20. Nd3 Nd7 21. Nf2
Qb4 22. Rd3 Bb6 23. Qc3 Bxe3 24. Rxe3 Nc5 25. Bf1 Rd2 26. Qxb4 axb4 27. Rc1 Nxa4
28. b3 Nc3 29. Nd3 Na2 30. Ra1 Rd8 31. Nf4 b5 32. Nxe6 fxe6 33. e5 Rb2 34. f4
Rdd2 35. f5 Kf7 36. fxe6+ Kxe6 37. h4 Rbc2 38. Bh3+ Ke7 39. Rf3 Rc3 40. Raf1
Rxf3 41. Rxf3 Rd8 42. e6 Rf8 43. Rd3 c5 44. Rd7+ Kf6 45. Rc7 c4 46. bxc4 b3 47.
e7 Re8 48. cxb5 b2 49. Rc6+ Ke5 50. Re6+ Kd5 51. Bf5 b1=Q+ 52. Bxb1 Kxe6 53.
Bxa2+ Kxe7 54. Bd5 Kd6 55. Bc6 Re2 56. Kf1 Rb2 57. Kg1 Ke5 58. Kf1 Kf5 59. Bd7+
Ke4 60. Bc6+ Ke3 61. Kg1 Kd4 62. Kf1 Rc2 63. Ke1 Ke5 64. Kf1 Kf5 65. Bd7+ Kf6
66. Bc6 Rb2 67. Bd7 Ke5 68. Bc6 Kd6 69. Be8 Kc5 70. Bc6 Kc4 71. Bd7 Kd3 72. Bc6
Ke3 73. Kg1 g6 74. Kf1 Kd4 75. Be8 Ke4 76. Bc6+ Kf5 77. Bd7+ Ke5 78. Bc6 Rc2 79.
Be8 Kf6 80. Bc6 g5 81. hxg5+ Kxg5 82. Bd7 Rd2 83. Bc8 Rd8 84. Bb7 Kg4 85. Kf2
Rd2+ 86. Ke3 Rb2 87. Bc6 Kxg3 88. Kd4 h5 89. Kc5 h4 90. Bd7 Kf4 91. Kd6 h3 92.
Bxh3 Rxb5 93. Bd7 Rh5 94. Be8 Rh1 95. Bf7 Rd1+ 96. Ke6 Ra1 97. Kd5 Kf5 98. Be6+
Kf6 99. Bh3 Ra5+ 100. Kd4 Rh5 101. Bc8 Ke7 102. Ke4 Kd6 103. Kf4 Rc5 104. Bg4
Rc4+ 105. Kf5 Rxg4 106. Kxg4 1/2-1/2

[Event "Meltwater Tour Final 2022"]
[Site "chess24.com INT"]
[Date "2022.11.17"]
[Round "4.2"]
[White "So, Wesley"]
[Black "Praggnanandhaa, R"]
[Result "1/2-1/2"]
[WhiteTitle "GM"]
[BlackTitle "GM"]
[WhiteElo "2760"]
[BlackElo "2678"]
[WhiteFideId "5202213"]
[BlackFideId "25059530"]
[EventDate "2022.11.14"]

1. e4 e5 2. Nf3 Nc6 3. Bc4 Bc5 4. O-O Nf6 5. d3 d6 6. c3 a6 7. Re1 Ba7 8. a4 O-O
9. b4 h6 10. Nbd2 Ne7 11. Bb3 Ng6 12. d4 Re8 13. Qc2 c6 14. Bb2 d5 15. exd5 cxd5
16. Nxe5 Nxe5 17. Rxe5 Rxe5 18. dxe5 Ng4 19. Rf1 Nxe5 20. c4 Nxc4 21. Nxc4 dxc4
22. Bxc4 Be6 23. Bxe6 fxe6 24. Re1 Qd7 25. Kh1 Rd8 26. Qe2 Qf7 27. f3 Bd4 28. b5
axb5 29. Bxd4 Rxd4 30. axb5 Qd7 31. h3 Rd5 32. b6 Rd6 33. Qe3 Qd8 34. Rb1 Rc6
35. Qb3 Kh8 36. Qe3 Kg8 37. Qb3 Kh8 38. Qe3 Kg8 1/2-1/2

[Event "Meltwater Tour Final 2022"]
[Site "chess24.com INT"]
[Date "2022.11.17"]
[Round "4.2"]
[White "Erigaisi, Arjun"]
[Black "Mamedyarov, Shakhriyar"]
[Result "1-0"]
[WhiteTitle "GM"]
[BlackTitle "GM"]
[WhiteElo "2718"]
[BlackElo "2741"]
[WhiteFideId "35009192"]
[BlackFideId "13401319"]
[EventDate "2022.11.14"]

1. Nf3 d5 2. g3 g6 3. Bg2 Bg7 4. d4 Nf6 5. c4 c6 6. cxd5 cxd5 7. Nc3 Ne4 8. Qb3
Nxc3 9. bxc3 O-O 10. O-O Nc6 11. Nd2 e6 12. e4 Na5 13. Qc2 Bd7 14. e5 Rc8 15. h4
Qc7 16. Ba3 Rfe8 17. Rac1 Nc4 18. Nxc4 Qxc4 19. h5 Qa4 20. Qb2 Rc6 21. Bd6 Bh6
22. f4 Rec8 23. Rf2 Rb6 24. Qd2 Rxd6 25. exd6 Qa3 26. Qb2 Qxb2 27. Rxb2 b6 28.
Bf1 Bg7 29. Rd2 Rc6 30. Bb5 Rxd6 31. Bxd7 Rxd7 32. Kf2 Rc7 33. Ke3 Rc4 34. Rcc2
gxh5 35. Kd3 h4 36. gxh4 Bf6 37. h5 h6 38. Re2 Kf8 39. f5 Ke7 40. fxe6 fxe6 41.
Re3 Bg5 42. Rf3 e5 43. dxe5 Ke6 44. Re2 Bf4 45. Rf1 b5 46. Rb1 a6 47. a3 Bg5 48.
Rb4 Rc8 49. a4 Be7 50. Rg4 Bg5 51. axb5 axb5 52. Rb4 Rb8 53. Rb1 Be7 54. Reb2
Rg8 55. Rxb5 Rg3+ 56. Kc2 Rg2+ 57. Kb3 Bg5 58. Re1 1-0

[Event "Meltwater Tour Final 2022"]
[Site "chess24.com INT"]
[Date "2022.11.17"]
[Round "4.3"]
[White "Praggnanandhaa, R"]
[Black "So, Wesley"]
[Result "0-1"]
[WhiteTitle "GM"]
[BlackTitle "GM"]
[WhiteElo "2678"]
[BlackElo "2760"]
[WhiteFideId "25059530"]
[BlackFideId "5202213"]
[EventDate "2022.11.14"]

1. d4 Nf6 2. c4 e6 3. Nf3 d5 4. Nc3 Be7 5. Bf4 O-O 6. e3 Nbd7 7. c5 c6 8. h3 b6
9. b4 a5 10. a3 Ba6 11. Bxa6 Rxa6 12. O-O Qa8 13. Rb1 axb4 14. axb4 Qb7 15. Qc2
Rfa8 16. Rfc1 b5 17. Nd2 Bd8 18. Nb3 Bc7 19. Bxc7 Qxc7 20. Ra1 e5 21. Qb2 e4 22.
Rxa6 Rxa6 23. Ra1 Qa7 24. Rxa6 Qxa6 25. f3 h5 26. Na5 exf3 27. gxf3 Qc8 28. Qh2
Nf8 29. Kf2 Ng6 30. Qd6 Qxh3 31. Nxc6 h4 32. Ne2 Nh5 33. Ng1 Qh1 34. Ne2 Ng3 35.
Nxg3 Qh2+ 36. Ke1 hxg3 37. Kd1 Qh1+ 38. Kc2 g2 0-1

[Event "Meltwater Tour Final 2022"]
[Site "chess24.com INT"]
[Date "2022.11.17"]
[Round "4.3"]
[White "Le, Quang Liem"]
[Black "Duda, Jan-Krzysztof"]
[Result "1-0"]
[WhiteTitle "GM"]
[BlackTitle "GM"]
[WhiteElo "2728"]
[BlackElo "2731"]
[WhiteFideId "12401137"]
[BlackFideId "1170546"]
[EventDate "2022.11.14"]

1. d4 Nf6 2. c4 e6 3. Nf3 d5 4. Nc3 Bb4 5. Bg5 dxc4 6. e4 c5 7. Bxc4 cxd4 8.
Nxd4 Qa5 9. Bd2 Qc5 10. Bb5+ Bd7 11. Nb3 Qe7 12. Bd3 Nc6 13. O-O O-O 14. Kh1 Ne5
15. Be2 Ng6 16. a3 Bd6 17. f4 e5 18. f5 Nf4 19. Bf3 h6 20. g3 Nd3 21. Qc2 Nc5
22. g4 Nxb3 23. Qxb3 Bc6 24. g5 hxg5 25. Bxg5 Bc5 26. Qc2 Rfc8 27. Qg2 Qd6 28.
Rad1 Bd4 29. Rg1 Nh7 30. Ne2 Nxg5 31. Qxg5 Qf8 32. Nxd4 f6 33. Qh6 exd4 34. Rg3
g5 35. Qh5 Rc7 36. Rh3 Qg7 37. e5 Bxf3+ 38. Qxf3 Rac8 39. Rg1 fxe5 40. f6 Qg6
41. Qd5+ Rf7 42. Qxe5 Rxf6 43. Rxg5 Rc1+ 44. Kg2 Rc2+ 45. Kg3 Re2 46. Qxf6 1-0

[Event "Meltwater Tour Final 2022"]
[Site "chess24.com INT"]
[Date "2022.11.17"]
[Round "4.3"]
[White "Mamedyarov, Shakhriyar"]
[Black "Erigaisi, Arjun"]
[Result "1/2-1/2"]
[WhiteTitle "GM"]
[BlackTitle "GM"]
[WhiteElo "2741"]
[BlackElo "2718"]
[WhiteFideId "13401319"]
[BlackFideId "35009192"]
[EventDate "2022.11.14"]

1. d4 Nf6 2. c4 e6 3. Nc3 Bb4 4. Nf3 d5 5. cxd5 exd5 6. Bf4 O-O 7. e3 Bf5 8. Rc1
c6 9. Qb3 Qb6 10. Be2 Be7 11. Nd2 Nbd7 12. O-O h6 13. h3 Qxb3 14. Nxb3 a5 15.
Na4 b5 16. Nac5 Nb6 17. g4 Bg6 18. Nd3 a4 19. Nbc5 Nc4 20. b3 axb3 21. axb3 Ra2
22. Rfe1 Bxc5 23. Nxc5 Nd2 24. h4 Rfa8 25. g5 hxg5 26. hxg5 Nfe4 27. Nd3 Nxb3
28. Rxc6 Ra1 29. f3 Nxg5 30. Rxa1 Rxa1+ 31. Kf2 Ne6 32. Bd6 Ra2 33. Nb4 Rb2 34.
Ke1 Rb1+ 35. Kf2 Rb2 36. Ke1 Rb1+ 37. Kf2 Rb2 1/2-1/2

[Event "Meltwater Tour Final 2022"]
[Site "chess24.com INT"]
[Date "2022.11.17"]
[Round "4.4"]
[White "So, Wesley"]
[Black "Praggnanandhaa, R"]
[Result "1/2-1/2"]
[WhiteTitle "GM"]
[BlackTitle "GM"]
[WhiteElo "2760"]
[BlackElo "2678"]
[WhiteFideId "5202213"]
[BlackFideId "25059530"]
[EventDate "2022.11.14"]

1. d4 Nf6 2. c4 e6 3. Nc3 Bb4 4. Qc2 O-O 5. e4 d6 6. e5 dxe5 7. dxe5 Ng4 8. Nf3
Nc6 9. Bf4 Nd4 10. Qd2 c5 11. h3 Nxf3+ 12. gxf3 Qxd2+ 13. Kxd2 Rd8+ 14. Kc2 Rd4
15. hxg4 Rxf4 16. Rd1 Ba5 17. Rh3 h6 18. b3 Rd4 19. Rxd4 cxd4 20. Nb5 Bb6 21.
Bd3 Bd7 22. Nd6 Bc6 23. Be4 Rd8 24. Kd3 f6 25. Nxb7 Bxe4+ 26. fxe4 Rd7 27. c5
Rxb7 28. cxb6 fxe5 29. Rh5 axb6 30. Rxe5 Rf7 31. Rxe6 b5 32. g5 hxg5 33. Rg6
Rxf2 34. Rxg5 Rxa2 35. Rxb5 1/2-1/2

[Event "Meltwater Tour Final 2022"]
[Site "chess24.com INT"]
[Date "2022.11.17"]
[Round "4.4"]
[White "Erigaisi, Arjun"]
[Black "Mamedyarov, Shakhriyar"]
[Result "1-0"]
[WhiteTitle "GM"]
[BlackTitle "GM"]
[WhiteElo "2718"]
[BlackElo "2741"]
[WhiteFideId "35009192"]
[BlackFideId "13401319"]
[EventDate "2022.11.14"]

1. e4 g6 2. d4 Bg7 3. Nf3 d6 4. Bc4 Nf6 5. Qe2 Nc6 6. h3 e5 7. dxe5 dxe5 8. O-O
O-O 9. Rd1 Qe7 10. Nc3 h6 11. Nd5 Nxd5 12. Bxd5 Nd4 13. Nxd4 exd4 14. Bf4 Re8
15. e5 c6 16. Bb3 c5 17. Qd2 g5 18. Bg3 Be6 19. Bxe6 Qxe6 20. f4 gxf4 21. Bxf4
Qg6 22. Rf1 Bxe5 23. Bxh6 Re6 24. Bf4 Rae8 25. Rf3 Bg7 26. Rg3 Qh7 27. Rf1 Re2
28. Qa5 Rxc2 29. Qxa7 Kh8 30. Qxb7 d3 31. Kh2 Bd4 32. Qc6 Rce2 33. Be5+ 1-0

[Event "Meltwater Tour Final 2022"]
[Site "chess24.com INT"]
[Date "2022.11.17"]
[Round "4.4"]
[White "Duda, Jan-Krzysztof"]
[Black "Le, Quang Liem"]
[Result "0-1"]
[WhiteTitle "GM"]
[BlackTitle "GM"]
[WhiteElo "2731"]
[BlackElo "2728"]
[WhiteFideId "1170546"]
[BlackFideId "12401137"]
[EventDate "2022.11.14"]

1. d4 Nf6 2. Bg5 d5 3. Nd2 c5 4. dxc5 e6 5. e4 Bxc5 6. e5 Qb6 7. Qe2 Nfd7 8. Nb3
Nc6 9. Nxc5 Nxc5 10. O-O-O Bd7 11. Nf3 Rc8 12. Be3 O-O 13. Kb1 Na5 14. Qe1 Bb5
15. Ka1 Bxf1 16. Rxf1 Nc4 17. Bd4 Qa6 18. h4 Na4 19. Qb4 Qc6 20. Rb1 a5 21. Qe1
Nc5 22. h5 Na6 23. Qd1 b5 24. Ng5 f6 25. exf6 gxf6 26. Qg4 fxg5 27. Qxg5+ Kf7
28. Rbe1 Ke8 29. Qh6 e5 30. Qxh7 Rc7 31. Qd3 Nb4 32. Qd1 Re7 33. c3 exd4 34.
cxb4 Qf6 35. bxa5 d3 36. Qb3 Rxe1+ 37. Rxe1+ Kf7 38. Qxb5 Kg7 39. a6 Qxf2 40.
Rb1 Qc2 41. a3 Nd2 42. Qd7+ Kh8 43. Rh1 Nb3+ 44. Ka2 Nc1+ 45. Rxc1 Qxc1 46. Qxd5
d2 47. Qe5+ Kg8 48. Qe6+ Kh8 49. Qh6+ Kg8 50. Qe6+ Kh8 51. h6 Qc7 52. Qe2 Qd6
53. Qd1 Qe6+ 54. b3 Qxh6 55. a7 Qd6 56. a4 Qd5 57. g4 Kg8 58. g5 Ra8 59. Qh5
d1=Q 60. Qg6+ Kf8 61. Qf6+ Ke8 62. Qh8+ Kd7 63. Qg7+ Kc6 64. Qc3+ Kb7 65. Qb4+
Kxa7 66. Qe7+ Kb6 67. Qb4+ Kc6 68. Qc3+ Qc5 69. Qf6+ Qdd6 70. Qf3+ Qcd5 71. Qc3+
Kb7 0-1

[Event "Meltwater Tour Final 2022"]
[Site "chess24.com INT"]
[Date "2022.11.18"]
[Round "5.1"]
[White "So, Wesley"]
[Black "Mamedyarov, Shakhriyar"]
[Result "1-0"]
[WhiteTitle "GM"]
[BlackTitle "GM"]
[WhiteElo "2760"]
[BlackElo "2741"]
[WhiteFideId "5202213"]
[BlackFideId "13401319"]
[EventDate "2022.11.14"]

1. e4 e5 2. Nf3 Nc6 3. Bc4 Nf6 4. d3 d5 5. exd5 Nxd5 6. O-O Nb6 7. Bb5 Bd6 8.
Nxe5 Bxe5 9. Bxc6+ bxc6 10. Re1 Qe7 11. Kh1 O-O 12. f4 f6 13. fxe5 fxe5 14. Nc3
Nd5 15. Ne4 Bf5 16. Bg5 Qb4 17. b3 Qd4 18. Rc1 Bxe4 19. dxe4 Qxd1 20. Rcxd1 Nc3
21. Rd7 Nxe4 22. Be7 Rf7 23. Rxc7 Nf6 24. Bd6 Rxc7 25. Bxc7 e4 26. Kg1 Re8 27.
c4 Kf7 28. Kf2 Re7 29. Bd8 Re5 30. Ke3 Ke6 31. h3 h5 32. Re2 Ne8 33. Bh4 Nd6 34.
g4 hxg4 35. hxg4 Nf7 36. Bg3 Ra5 37. Kxe4 Ng5+ 38. Kf4+ Kf7 39. Be1 Ne6+ 40.
Rxe6 1-0

[Event "Meltwater Tour Final 2022"]
[Site "chess24.com INT"]
[Date "2022.11.18"]
[Round "5.2"]
[White "Mamedyarov, Shakhriyar"]
[Black "So, Wesley"]
[Result "0-1"]
[WhiteTitle "GM"]
[BlackTitle "GM"]
[WhiteElo "2741"]
[BlackElo "2760"]
[WhiteFideId "13401319"]
[BlackFideId "5202213"]
[EventDate "2022.11.14"]

1. c4 c5 2. Nf3 Nf6 3. Nc3 Nc6 4. g3 d5 5. cxd5 Nxd5 6. Bg2 g6 7. d3 Bg7 8. Bd2
e6 9. h4 b6 10. h5 Bb7 11. Qa4 Qd7 12. h6 Bf6 13. Ne4 Be7 14. O-O Nd4 15. Qxd7+
Kxd7 16. Nxd4 cxd4 17. Rfc1 Rac8 18. Rc4 b5 19. Rcc1 f6 20. a4 Rxc1+ 21. Rxc1
bxa4 22. Rc4 Bc6 23. Nc5+ Bxc5 24. Rxc5 Rb8 25. Ra5 Rb7 26. Bxd5 exd5 27. Ra6 g5
28. Kf1 Kd6 29. Ba5 Kc5 30. Bd8 f5 31. Ra5+ Kb4 32. Ra6 Kc5 33. Ra5+ Bb5 34.
Bxg5 Kb4 35. Bd2+ Kb3 0-1

[Event "Meltwater Tour Final 2022"]
[Site "chess24.com INT"]
[Date "2022.11.18"]
[Round "5.2"]
[White "Le, Quang Liem"]
[Black "Carlsen, Magnus"]
[Result "1-0"]
[WhiteTitle "GM"]
[BlackTitle "GM"]
[WhiteElo "2728"]
[BlackElo "2859"]
[WhiteFideId "12401137"]
[BlackFideId "1503014"]
[EventDate "2022.11.14"]

1. d4 d5 2. c4 e6 3. Nf3 c6 4. g3 dxc4 5. Bg2 b5 6. Ne5 Bb7 7. O-O Nf6 8. b3
cxb3 9. Qxb3 Be7 10. Nc3 a6 11. Rd1 Qc8 12. Bg5 Nbd7 13. Rac1 O-O 14. Ne4 Nxe4
15. Bxe7 Re8 16. Nxc6 Bxc6 17. Bxe4 Bxe4 18. Rxc8 Raxc8 19. Qa3 Nb6 20. Bc5 Na4
21. f3 Bd5 22. Rc1 a5 23. Kf2 h6 24. g4 Bc6 25. Qe3 Bd5 26. g5 Nxc5 27. dxc5
hxg5 28. Qxg5 f6 29. Qg6 Bxa2 30. Rg1 Re7 31. Qxf6 Rf7 32. Qa1 Bc4 33. Qxa5 Rxc5
34. Qd8+ Kh7 35. Qh4+ Kg8 36. Rg3 Rcf5 37. Rh3 Rf8 38. Qh7+ Kf7 39. Rg3 Rg8 40.
h4 Rf6 41. h5 Rh6 42. Qe4 g5 43. Rxg5 Rxg5 44. Qf4+ Kg7 45. Qxg5+ Kh7 46. e4 e5
47. Qe7+ Kg8 48. Qe8+ Kh7 49. Kg3 Re6 50. Qf7+ Kh6 51. Kh4 1-0

[Event "Meltwater Tour Final 2022"]
[Site "chess24.com INT"]
[Date "2022.11.18"]
[Round "5.3"]
[White "So, Wesley"]
[Black "Mamedyarov, Shakhriyar"]
[Result "1-0"]
[WhiteTitle "GM"]
[BlackTitle "GM"]
[WhiteElo "2760"]
[BlackElo "2741"]
[WhiteFideId "5202213"]
[BlackFideId "13401319"]
[EventDate "2022.11.14"]

1. d4 Nf6 2. c4 b6 3. Nc3 Bb7 4. Qc2 e6 5. e4 Bb4 6. Bd3 Bxc3+ 7. bxc3 d6 8. Ne2
c5 9. O-O Nc6 10. f4 cxd4 11. cxd4 O-O 12. Bd2 Rc8 13. Qb1 h6 14. a4 d5 15. cxd5
exd5 16. e5 Ne4 17. Be1 Rc7 18. Qb2 Qc8 19. a5 bxa5 20. Bxa5 Nxa5 21. Rxa5 Bc6
22. Qa2 Qg4 23. h3 Qh4 24. Rxa7 Rxa7 25. Qxa7 Ng3 26. Nxg3 Qxg3 27. Qa3 Qe3+ 28.
Kh2 g6 29. Qc3 1-0

[Event "Meltwater Tour Final 2022"]
[Site "chess24.com INT"]
[Date "2022.11.18"]
[Round "5.3"]
[White "Carlsen, Magnus"]
[Black "Le, Quang Liem"]
[Result "1/2-1/2"]
[WhiteTitle "GM"]
[BlackTitle "GM"]
[WhiteElo "2859"]
[BlackElo "2728"]
[WhiteFideId "1503014"]
[BlackFideId "12401137"]
[EventDate "2022.11.14"]

1. Nf3 d5 2. g3 c6 3. c4 dxc4 4. Bg2 Nf6 5. O-O Nbd7 6. Na3 Nb6 7. Qc2 Be6 8.
Re1 g6 9. Ng5 Qd7 10. Nxe6 Qxe6 11. b3 cxb3 12. axb3 Bg7 13. Bb2 O-O 14. e4 Rfd8
15. d4 Ne8 16. Rad1 a5 17. h4 a4 18. Re3 Nd6 19. h5 axb3 20. Rxb3 Nbc4 21. d5
Nxa3 22. Rxa3 cxd5 23. Rxa8 Rxa8 24. e5 Ne4 25. Qb3 Bxe5 26. Bxe4 Bxb2 27. Bxd5
Qf6 28. Bxf7+ Kg7 29. hxg6 hxg6 30. Bd5 Bd4 31. Qf3 Rd8 32. Qxf6+ Bxf6 33. Bf3
Rb8 34. Rd7 b5 35. Rb7 Rxb7 36. Bxb7 b4 37. Bd5 Bd4 38. Kf1 Kf6 39. f3 Ke5 40.
Be4 g5 41. g4 b3 42. Ke2 b2 43. Kd2 Kf4 44. Kc2 Bf6 45. Kb1 Ke3 46. Kc2 Kf4 47.
Kb1 Ke3 48. Kc2 Kf4 1/2-1/2

[Event "Meltwater Tour Final 2022"]
[Site "chess24.com INT"]
[Date "2022.11.18"]
[Round "5.4"]
[White "Le, Quang Liem"]
[Black "Carlsen, Magnus"]
[Result "1/2-1/2"]
[WhiteTitle "GM"]
[BlackTitle "GM"]
[WhiteElo "2728"]
[BlackElo "2859"]
[WhiteFideId "12401137"]
[BlackFideId "1503014"]
[EventDate "2022.11.14"]

1. d4 Nf6 2. c4 e6 3. Nf3 Bb4+ 4. Bd2 Bxd2+ 5. Qxd2 d5 6. Nc3 O-O 7. e3 b6 8.
Rc1 Bb7 9. cxd5 Nxd5 10. Be2 Nd7 11. O-O c5 12. Rfd1 Qe7 13. Ne4 Rac8 14. dxc5
Nxc5 15. Nxc5 Rxc5 16. Rxc5 Qxc5 17. Rc1 Qe7 18. Nd4 Rd8 19. Bf3 h6 20. h3 e5
21. Nf5 Qg5 22. Ng3 Nf4 23. exf4 exf4 24. h4 Qxh4 25. Nf5 Qg5 26. Nxh6+ gxh6 27.
Qe2 Bd5 28. Rd1 Bxa2 29. Rxd8+ Qxd8 30. Qa6 Be6 31. Qxa7 Qd4 32. Qa3 Qd2 33. Qc3
Qxc3 34. bxc3 Kg7 35. Be4 Kf6 36. f3 Ke5 37. Kf2 Bf5 38. Bc6 Kd6 39. Bb5 Kc5 40.
Be2 Be6 41. Ke1 Bc4 42. Bd1 h5 43. Bc2 Kb5 44. Kf2 Be6 45. Ke1 Kc4 46. Kd2 h4
47. Bd1 Bf5 48. Be2+ Kb3 49. Bd1+ Kb2 50. Be2 Kb3 51. Bd1+ Ka3 52. Be2 Ka4 53.
Bd1+ Ka5 54. Be2 b5 55. Bd1 Be6 56. Ke1 Bc4 57. Bc2 Kb6 58. Kf2 Kc5 59. Ke1 Be6
60. Bd3 Bb3 61. Kf2 Kb6 62. Ke1 Ka5 63. Kd2 Bd5 64. Kc1 Ka4 65. Kc2 Be6 66. Kb2
b4 67. cxb4 Kxb4 68. Kc2 Bc4 69. Kd2 Kc5 70. Kc3 Be6 71. Be4 Bd7 72. Bd3 Kd5 73.
Bc4+ Ke5 74. Bxf7 h3 75. gxh3 Bxh3 76. Kd2 Bg2 77. Ke2 Kf6 78. Bd5 Ke5 79. Be4
Kd4 80. Kf2 Bh1 81. Kg1 Bxf3 82. Bxf3 Ke3 83. Kg2 Kd4 84. Bg4 f3+ 85. Bxf3 1/2-1/2